| 000 | 00643pam a22001934a 4500 | ||
|---|---|---|---|
| 020 | _a0071444513 (hardcover : alk. paper) | ||
| 040 | _cDLC | ||
| 082 | 0 | 0 | _a658 HIL 2005 A046 Or. |
| 100 | 1 | _aGoncalves, Marcus. | |
| 245 | 1 | 0 | _aManaging virtual projects / |
| 260 |
_aNew York : _bMcGraw-Hill, _cc2005. |
||
| 300 |
_axx, 443 p. : _bill. ; _c24 cm. |
||
| 650 | 0 | _aProject management | |
| 650 | 0 | _aProject management | |
| 856 | 4 | 2 | _uhttp://www.loc.gov/catdir/description/mh051/2004015434.html |
| 856 | 4 | 2 | _uhttp://www.loc.gov/catdir/bios/mh051/2004015434.html |
| 856 | 4 | 1 | _uhttp://www.loc.gov/catdir/toc/ecip0419/2004015434.html |
| 942 | _cEK | ||
| 999 |
_c13580 _d13580 |
||